Life and letters under the Mughals / (Record no. 26532)
[ view plain ]
| 000 -LEADER | |
|---|---|
| fixed length control field | 00862nam a2200253 i 4500 |
| 001 - CONTROL NUMBER | |
| control field | 26532 |
| 003 - CONTROL NUMBER IDENTIFIER | |
| rucl marc code | BD-RjUL |
| 005 - DATE AND TIME OF LATEST TRANSACTION | |
| control field | 20211209051029.0 |
| 008 - FIXED-LENGTH DATA ELEMENTS--GENERAL INFORMATION | |
| fixed length control field | 140322s1976 ii b 001 0 eng |
| 035 ## - SYSTEM CONTROL NUMBER | |
| System control number | (BD-RjUL)26602 |
| 040 ## - CATALOGING SOURCE | |
| Original cataloging agency | DLC |
| Transcribing agency | DLC |
| Modifying agency | DLC |
| -- | BD-RjUL |
| Language of cataloging | eng |
| 041 ## - LANGUAGE CODE | |
| Language code of text/sound track or separate title | eng |
| 082 00 - DEWEY DECIMAL CLASSIFICATION NUMBER | |
| Classification number | 954.025 |
| Author mark and year | CHL 1976 |
| 100 1# - MAIN ENTRY--PERSONAL NAME | |
| Personal name | Chopra, Pran Nath. |
| 9 (RLIN) | 81610 |
| 245 10 - TITLE STATEMENT | |
| Title | Life and letters under the Mughals / |
| Statement of responsibility, etc. | by P. N. Chopra. |
| 260 ## - PUBLICATION, DISTRIBUTION, ETC. (IMPRINT) | |
| Place of publication, distribution, etc. | New Delhi : |
| Name of publisher, distributor, etc. | Ashajanak Publications, |
| Date of publication, distribution, etc. | 1976. |
| 300 ## - PHYSICAL DESCRIPTION | |
| Pagination | xx, 439 p. ; |
| Size | 23 cm. |
| 500 ## - GENERAL NOTE | |
| General note | "Includes ... [author's] two earlier works, Some aspects of society and culture during the Mughal age and Social life under the Mughals." |
| 504 ## - BIBLIOGRAPHY, ETC. NOTE | |
| Bibliography, etc | Includes Bibliography: p. [410]-424 and index. |
| 651 #0 - SUBJECT ADDED ENTRY--GEOGRAPHIC NAME | |
| Geographic name | Mogul Empire |
| General subdivision | Civilization. |
| 9 (RLIN) | 42940 |
| 942 ## - ADDED ENTRY ELEMENTS (KOHA) | |
| Source of classification or shelving scheme | Dewey Decimal Classification |
| Koha item type | Books |
| Lost status | Source of classification or shelving scheme | Damaged status | Not for loan | Collection code | Permanent Location | Current Location | Shelving location | Date acquired | Source of acquisition | Cost, normal purchase price | Total Checkouts | Full call number | Date last seen | Copy number | Koha item type |
|---|---|---|---|---|---|---|---|---|---|---|---|---|---|---|---|
| Dewey Decimal Classification | Added to bundle | Non-fiction | Central Library, University of Rajshahi | Central Library, University of Rajshahi | Reading Room | 10/05/1980 | K.P. Bangali and calcuta | 60.00 | 954.025 CHL 1976 | 22/03/2014 | C-1 | Books |